Angiospermes

Guardat en:
Dades bibliogràfiques
Autor principal: Echevin, R
Format: Llibre
Idioma:francès
Publicat: París, Francia Doin 1964
Col·lecció:Biologie. Biologie Végétale
Matèries:
Etiquetes: Afegir etiqueta
Sense etiquetes, Sigues el primer a etiquetar aquest registre!

MARC

LEADER 00000nam a2200000 a 4500
001 UCT3745
003 CL-VaPUC
005 20250224164157.0
008 961031e19640000FR |||||||||||||||||fre|d
999 |c 253298  |d 253296 
040 |c Pontificia Universidad Católica de Valparaíso 
082 0 4 |a 582.13 ECH 1964  |2 21 
100 0 |a Echevin, R  |9 372761 
245 1 0 |a Angiospermes 
260 0 3 |a París, Francia  |b Doin  |c 1964 
300 |a v 
490 0 |a Biologie. Biologie Végétale 
583 |a last modification  |c 19961031 00:00:00  |k Rodrigo Vera 
650 0 |a Botánica  |9 264202 
650 0 |a Anatomía vegetal  |9 269541 
650 0 |a Plantas  |9 264555 
650 0 |a Metabolismo vegetal  |9 333115 
650 0 |a Genética  |9 259443 
650 0 |a Nutrición   |9 259434 
650 0 |a Citología  |9 261432 
942 |c BK  |2 ddc 
945 |d 19961031 00:00:00  |a cmena 
952 |0 0  |1 0  |2 ddc  |4 0  |6 582_130000000000000_ECH_1964  |7 0  |8 A  |9 273974  |a BIBCUR  |b BIBCUR  |d 2019-11-19  |h v.1  |i 1772724  |o 582.13 ECH 1964  |p 1772724  |r 2025-04-22  |t 1  |w 2019-11-19  |y BK  |k BIO